Classic Doom Levels: Extreme - Statistics

General Stats
  • This quiz has been taken 14 times
  • The average score is 94 of 236
Answer Stats
DOOM (1993) % Correct
Barrels o' Fun
100%
Circle of Death
100%
Dead Simple
100%
Entryway
100%
Suburbs
100%
The Citadel
100%
The Crusher
100%
The Pit
100%
Tower of Babel
100%
Toxin Refinery
100%
Underhalls
100%
Abattoire
75%
Administration Center
75%
And Hell Followed
75%
Ballistyx
75%
Baron's Den
75%
Bloodfalls
75%
Canyon
75%
Caribbean
75%
Central Processing
75%
Command Center
75%
Command Control
75%
Computer Station
75%
Congo
75%
Containment Area
75%
Cyberden
75%
Deimos Anomaly
75%
Deimos Lab
75%
Dis
75%
Gate To Limbo
75%
Go 2 It
75%
Gotcha!
75%
Grosse
75%
Halls of the Damned
75%
Hangar
75%
Hanger
75%
House of Pain
75%
Hunted
75%
Icon of Sin
75%
Industrial Zone
75%
Military Base
75%
Mill
75%
Monster Condo
75%
Mt. Erebus
75%
Nirvana
75%
Nuclear Plant
75%
Odyssey of Noises
75%
Onslaught
75%
Pharaoh
75%
Phobos Anomaly
75%
Phobos Lab
75%
Prison
75%
Refinery
75%
River Styx
75%
Shipping/Respawning
75%
Slough of Despair
75%
Spawning Vats
75%
The Abandoned Mines
75%
The Catacombs
75%
The Catwalk
75%
The Chasm
75%
The Factory
75%
The Focus
75%
The Inmost Dens
75%
Tricks and Traps
75%
Unholy Cathedral
75%
Wolfenstein
75%
Against Thee Wickedly
50%
Anti-Christ
50%
Ash Mill
50%
Aztec
50%
Bad Dream
50%
Bunker
50%
Caged
50%
Caughtyard
50%
Compound
50%
Crater
50%
Dead Zone
50%
Deepest Reaches
50%
Downtown
50%
Fear
50%
Fortress of Mystery
50%
Genesis
50%
Ghost Town
50%
Habitat
50%
Heck
50%
Hectic
50%
Hell Beneath
50%
Human BBQ
50%
Impossible Mission
50%
Last Call
50%
Lunar Mining Project
50%
Metal
50%
Mount Pain
50%
Neurosphere
50%
NME
50%
Nukage Processing
50%
Open Season
50%
Pandemonium
50%
Perfect Hatred
50%
Power Control
50%
Processing Area
50%
Quarry
50%
Realm
50%
Redemption
50%
Refueling Base
50%
Sever the Wicked
50%
Slayer
50%
Speed
50%
Steel Works
50%
Storage Facility
50%
Stronghold
50%
System Control
50%
Tenements
50%
The Courtyard
50%
The Crypt
50%
The Death Domain
50%
The Earth Base
50%
The Express Elevator To Hell
50%
The Final Frontier
50%
The Ganlet
50%
The Gateway of Hell
50%
The Living End
50%
The Omen
50%
The Sewers
50%
The Spirit World
50%
The Temple of Darkness
50%
The Twilight
50%
The Waste Tunnels
50%
They Will Repent
50%
Tombstone
50%
Unruly Evil
50%
Unto the Cruel
50%
Warrens
50%
Well of Souls
50%
Wormhole
50%
Attack
25%
Black Tower
25%
Blood Keep
25%
Brink
25%
Dark Citadel
25%
Even Simpler
25%
Final Outpost
25%
Hell Deep
25%
Intro
25%
March of the Demons
25%
Mephisto's Mausoleum
25%
Outpost Omega
25%
Panopticon
25%
Playground
25%
Second Coming
25%
Soul Silo
25%
Staging Area
25%
Subterra
25%
The Absolution
25%
The Bleeding
25%
The Coiled City
25%
The Combine
25%
The Terraformer
25%
Vivisection
25%
Abadonn's Void
0%
Abyss of Despair
0%
Alpha Quadrant
0%
Altar of Pain
0%
Baphomet's Demesne
0%
Baron's Banquet
0%
Baron's Layer
0%
Bloodsea Keep
0%
Breakdown
0%
Burnt Offerings
0%
Cages of the Damned
0%
Canyon of the Dead
0%
Cat and Mouse
0%
Cold Grounds
0%
Creeping Hate
0%
Cursed Darkness
0%
Dark Entries
0%
Descending Inferno
0%
Descent Into Terror
0%
Dis Union
0%
Echoes of Pain
0%
Evil Sacrifice
0%
Eye of the Storm
0%
Falsehood
0%
Final Judgement
0%
Forfeited Salvation
0%
Fragments of Sanity
0%
Geryon
0%
Halls of Perdition
0%
Hardcore
0%
Hell Mountain
0%
Holding Area
0%
Inferno of Blood
0%
In the Void
0%
Main Engineering
0%
Minos' Judgement
0%
Nessus
0%
Nightmare Underworld
0%
No Escape
0%
Panic
0%
Paradox
0%
Paths of Wretchedness
0%
Pitfalls
0%
Plant Ops
0%
Realm of Iblis
0%
Research Lab
0%
Sanguine Wastes
0%
Scar Gate
0%
Shattered Homecoming
0%
Sheol
0%
Spawned Fear
0%
Spirit Drains
0%
Subspace
0%
Tech Center
0%
Terror Core
0%
The Fistula
0%
The Garrison
0%
The Lair
0%
The Pain Labs
0%
The Rack
0%
The Spiral
0%
Thy Glory
0%
Titan Manor
0%
Tomb of Malevolence
0%
Trapped on Titan
0%
Twilight Desolation
0%
Unholy Temple
0%
Unspeakable Persecution
0%
Vengeance Unleashed
0%
Vesperas
0%
Violent Hatred
0%
Virgil's Lead
0%
Watch Your Step
0%
Wrathful Reckoning
0%
Wretched Vats
0%
No matching quizzes found
Score Distribution
Percent of People with Each Score
Percentile by Number Answered
Your Score History
You have not taken this quiz